Large-ish Countries Quiz Stats

 Plays Quiz Updated Dec 10, 2013

Support Sporcle.
Go Orange.
Score 0/25 Timer 05:00
2 Plays Today
Rank Country % Correct
#43France
85.4%
#38Chile
75.3%
#30Egypt
73.9%
#26Colombia
70.8%
#46Ukraine
69.2%
#32Nigeria
68%
#37Turkey
67.7%
#33Venezuela
67.2%
#49Kenya
65.3%
#36Pakistan
65.1%
#28Bolivia
64.8%
#41Afghanistan
59.1%
#27Ethiopia
58.1%
Rank Country % Correct
#31Tanzania
54.7%
#44Somalia
52.9%
#34Namibia
52.4%
#45Cen. Afr. Rep.
51.8%
#39Zambia
50.5%
#35Mozambique
50.2%
#47Madagascar
50.1%
#42South Sudan
49.3%
#48Botswana
47.6%
#40Myanmar
46.4%
#29Mauritania
40.4%
#50Yemen
38.1%

You're not logged in!

Compare scores with friends on all Sporcle quizzes.
OR
Log In
Forgot?

From the Vault

The 'B' Movies

by Larryholmes79

Movies 8m
We're just as shocked as you are, 'Bee Movie' does not have a 'The' in front of it.
Remove Ads.
Support Sporcle.
Get the best of Sporcle when you Go Orange. This ad-free experience offers more features, more stats, and more fun while also helping to support Sporcle. Thank you for becoming a member.

Show Comments

Extras

Top Quizzes Today


Score Distribution

Your Account Isn't Verified!

In order to create a playlist on Sporcle, you need to verify the email address you used during registration. Go to your Sporcle Settings to finish the process.

Report this User

Report this user for behavior that violates our Community Guidelines.

Details: